<?xml version="1.0" encoding="UTF-8"?><?xml-stylesheet type="text/xsl" href="static/style.xsl"?><OAI-PMH xmlns="http://www.openarchives.org/OAI/2.0/" xmlns:xsi="http://www.w3.org/2001/XMLSchema-instance" xsi:schemaLocation="http://www.openarchives.org/OAI/2.0/ http://www.openarchives.org/OAI/2.0/OAI-PMH.xsd"><responseDate>2026-04-14T13:27:40Z</responseDate><request verb="GetRecord" identifier="oai:uvadoc.uva.es:10324/46151" metadataPrefix="marc">https://uvadoc.uva.es/oai/request</request><GetRecord><record><header><identifier>oai:uvadoc.uva.es:10324/46151</identifier><datestamp>2021-09-13T11:40:15Z</datestamp><setSpec>com_10324_38</setSpec><setSpec>col_10324_852</setSpec></header><metadata><record xmlns="http://www.loc.gov/MARC21/slim" xmlns:doc="http://www.lyncode.com/xoai" xmlns:xsi="http://www.w3.org/2001/XMLSchema-instance" xmlns:dcterms="http://purl.org/dc/terms/" xsi:schemaLocation="http://www.loc.gov/MARC21/slim http://www.loc.gov/standards/marcxml/schema/MARC21slim.xsd">
<leader>00925njm 22002777a 4500</leader>
<datafield tag="042" ind1=" " ind2=" ">
<subfield code="a">dc</subfield>
</datafield>
<datafield tag="720" ind1=" " ind2=" ">
<subfield code="a">Pérez Belloso, Alberto</subfield>
<subfield code="e">author</subfield>
</datafield>
<datafield tag="260" ind1=" " ind2=" ">
<subfield code="c">2020</subfield>
</datafield>
<datafield tag="520" ind1=" " ind2=" ">
<subfield code="a">La pobreza es un fenómeno que tiene lugar, con mayor o menor intensidad, en todos los países del planeta. De esta forma, se trata de un problema que, a lo largo de los años, ha sido tratado por reconocidos investigadores. Sin embargo, la mayoría de los estudios realizados se fundamentan en análisis de indicadores de pobreza monetaria o financieros. Este informe, si bien es cierto que también va a prestar atención a este tipo de claves, se va a centrar en el estudio de la privación material, un concepto multidimensional basado en la existencia o carencia de determinados ítems, a partir de la información ofrecida por la Encuesta de Condiciones de Vida (ECV). El área a examinar será la región de Castilla y León, y, una vez tratados los datos con detalle, se establecerá una comparación respecto a la situación del fenómeno en el resto de las comunidades autónomas españolas y en relación con el total nacional</subfield>
</datafield>
<datafield tag="520" ind1=" " ind2=" ">
<subfield code="a">Poverty is a situation which takes place, more or less intensely, in every country&#xd;
in the world. Thereby, it seems to be a problem that it has been carried out all&#xd;
throughout the years by renowned researchers. Nevertheless, most of the&#xd;
research is based on analysis of monetary poverty’s indicators or even the&#xd;
financial ones. This report is not only going to focus on this kind of data, but also&#xd;
on the study of material deprivation: a multidimensional concept based on&#xd;
existence o inexistence of certain items, starting from the information provided by&#xd;
the Statistics on Income and Living Conditions (SILC). The area object of study&#xd;
is Castile and Leon and, once the data is examined in detail, a comparative will&#xd;
be established respect from the phenomenon of material deprivation in the rest&#xd;
of Spanish regions and total of domestic results</subfield>
</datafield>
<datafield tag="024" ind2=" " ind1="8">
<subfield code="a">http://uvadoc.uva.es/handle/10324/46151</subfield>
</datafield>
<datafield ind1=" " ind2=" " tag="653">
<subfield code="a">Pobreza - España - Castilla y león</subfield>
</datafield>
<datafield tag="245" ind1="0" ind2="0">
<subfield code="a">Estudio de la privación material en Castilla y León</subfield>
</datafield>
</record></metadata></record></GetRecord></OAI-PMH>